[Event "Trofeo abierto Universidad de Jaen 2025"]
[Site "Maestra, 16 (Palacio de Cultura)"]
[Date "2025.04.05"]
[Round "1.1"]
[White "Diaz Perez, Michel Alejandro"]
[Black "Vela Ruiz, Pedro"]
[Result "1-0"]
[TimeControl "10' + 5\""]
[WhiteFideId "3517179"]
[BlackFideId "94772932"]
[WhiteElo "2473"]
[BlackElo "1371"]

1. d4 {[%clk 00:10:07]} {[%emt 00:00:03]} d5 {[%clk 00:10:08]} {[%emt
00:00:02]} 2. c4 {[%clk 00:10:09]} {[%emt 00:00:03]} c6 {[%clk 00:10:11]}
{[%emt 00:00:02]} 3. Nc3 {[%clk 00:10:13]} {[%emt 00:00:02]} e6 {[%clk
00:10:13]} {[%emt 00:00:03]} 4. e3 {[%clk 00:10:13]} {[%emt 00:00:04]} f5
{[%clk 00:10:14]} {[%emt 00:00:04]} 5. Nf3 {[%clk 00:10:09]} {[%emt 00:00:09]}
Nf6 {[%clk 00:10:08]} {[%emt 00:00:11]} 6. Bd3 {[%clk 00:10:04]} {[%emt
00:00:10]} Bd6 {[%clk 00:09:55]} {[%emt 00:00:18]} 7. O-O {[%clk 00:10:04]}
{[%emt 00:00:05]} O-O {[%clk 00:09:56]} {[%emt 00:00:04]} 8. a4 {[%clk
00:10:04]} {[%emt 00:00:04]} Ne4 {[%clk 00:09:22]} {[%emt 00:00:39]} 9. Ne2
{[%clk 00:09:57]} {[%emt 00:00:13]} Qe7 {[%clk 00:08:53]} {[%emt 00:00:34]} 10.
b3 {[%clk 00:09:21]} {[%emt 00:00:41]} Nd7 {[%clk 00:08:10]} {[%emt 00:00:48]}
11. Bb2 {[%clk 00:09:23]} {[%emt 00:00:03]} c5 {[%clk 00:06:30]} {[%emt
00:01:44]} 12. Rc1 {[%clk 00:08:32]} {[%emt 00:00:56]} cxd4 {[%clk 00:05:44]}
{[%emt 00:00:51]} 13. Nexd4 {[%clk 00:08:25]} {[%emt 00:00:12]} e5 {[%clk
00:05:26]} {[%emt 00:00:23]} 14. Nb5 {[%clk 00:08:24]} {[%emt 00:00:06]} a6
{[%clk 00:04:24]} {[%emt 00:01:07]} 15. Nxd6 {[%clk 00:07:57]} {[%emt
00:00:31]} Qxd6 {[%clk 00:04:26]} {[%emt 00:00:03]} 16. cxd5 {[%clk 00:07:54]}
{[%emt 00:00:08]} b6 {[%clk 00:02:10]} {[%emt 00:02:21]} 17. Rc6 {[%clk
00:07:09]} {[%emt 00:00:49]} Qb4 {[%clk 00:01:49]} {[%emt 00:00:26]} 18. Nxe5
{[%clk 00:06:38]} {[%emt 00:00:35]} Nxe5 {[%clk 00:01:39]} {[%emt 00:00:15]} 19.
Bxe5 {[%clk 00:06:41]} {[%emt 00:00:02]} Bb7 {[%clk 00:01:34]} {[%emt
00:00:10]} 20. Rc7 {[%clk 00:06:43]} {[%emt 00:00:03]} Rf7 {[%clk 00:01:21]}
{[%emt 00:00:18]} 21. Rxf7 {[%clk 00:06:45]} {[%emt 00:00:03]} Kxf7 {[%clk
00:01:16]} {[%emt 00:00:09]} 22. Qh5+ {[%clk 00:05:59]} {[%emt 00:00:52]} Kg8
{[%clk 00:00:59]} {[%emt 00:00:22]} 23. Qxf5 {[%clk 00:05:59]} {[%emt
00:00:05]} Nf6 {[%clk 00:00:37]} {[%emt 00:00:27]} 24. Bxf6 {[%clk 00:05:55]}
{[%emt 00:00:09]} Rf8 {[%clk 00:00:36]} {[%emt 00:00:06]} 25. Qxh7+ {[%clk
00:05:57]} {[%emt 00:00:03]} Kf7 {[%clk 00:00:31]} {[%emt 00:00:10]} 26. Qxg7+
{[%clk 00:05:56]} {[%emt 00:00:06]} Ke8 {[%clk 00:00:29]} {[%emt 00:00:07]} 27.
Bg6+ {[%clk 00:05:59]} {[%emt 00:00:02]} Rf7 {[%clk 00:00:22]} {[%emt
00:00:12]} 28. Qxf7# {[%clk 00:06:02]} {[%emt 00:00:02]} 1-0

[Event "Trofeo abierto Universidad de Jaen 2025"]
[Site "Maestra, 16 (Palacio de Cultura)"]
[Date "2025.04.05"]
[Round "1.3"]
[White "Cano Padilla, Ruben Jesus"]
[Black "Cobo de Guzman Romero, Carlos"]
[Result "1-0"]
[TimeControl "10' + 5\""]
[WhiteFideId "2253526"]
[BlackFideId "94772681"]
[WhiteElo "1974"]
[BlackElo "1341"]

1. e4 {[%clk 00:10:07]} {[%emt 00:00:03]} e5 {[%clk 00:10:09]} {[%emt
00:00:02]} 2. Nf3 {[%clk 00:10:10]} {[%emt 00:00:02]} Nc6 {[%clk 00:10:12]}
{[%emt 00:00:02]} 3. d4 {[%clk 00:10:13]} {[%emt 00:00:02]} d6 {[%clk
00:09:55]} {[%emt 00:00:22]} 4. dxe5 {[%clk 00:10:07]} {[%emt 00:00:11]} Bg4
{[%clk 00:09:34]} {[%emt 00:00:26]} 5. exd6 {[%clk 00:09:41]} {[%emt 00:00:31]}
Bxf3 {[%clk 00:09:29]} {[%emt 00:00:09]} 6. Qxf3 {[%clk 00:09:35]} {[%emt
00:00:12]} Qxd6 {[%clk 00:09:21]} {[%emt 00:00:12]} 7. Nc3 {[%clk 00:08:56]}
{[%emt 00:00:46]} Ne5 {[%clk 00:08:52]} {[%emt 00:00:34]} 8. Qg3 {[%clk
00:08:08]} {[%emt 00:00:53]} O-O-O {[%clk 00:07:57]} {[%emt 00:01:00]} 9. Bf4
{[%clk 00:06:13]} {[%emt 00:02:00]} Re8 {[%clk 00:07:20]} {[%emt 00:00:43]} 10.
Be2 {[%clk 00:05:57]} {[%emt 00:00:21]} g6 {[%clk 00:04:41]} {[%emt 00:02:44]}
11. Rd1 {[%clk 00:05:20]} {[%emt 00:00:42]} Qf6 {[%clk 00:04:23]} {[%emt
00:00:22]} 12. O-O {[%clk 00:04:07]} {[%emt 00:01:18]} Bh6 {[%clk 00:04:13]}
{[%emt 00:00:15]} 13. Bxh6 {[%clk 00:03:36]} {[%emt 00:00:36]} Nxh6 {[%clk
00:04:14]} {[%emt 00:00:03]} 14. Qh3+ {[%clk 00:03:39]} {[%emt 00:00:03]} Nhg4
{[%clk 00:03:48]} {[%emt 00:00:31]} 15. Bxg4+ {[%clk 00:03:39]} {[%emt
00:00:05]} Nxg4 {[%clk 00:03:48]} {[%emt 00:00:04]} 16. Qxg4+ {[%clk 00:03:42]}
{[%emt 00:00:03]} Kb8 {[%clk 00:03:52]} {[%emt 00:00:01]} 17. Rd7 {[%clk
00:02:53]} {[%emt 00:00:54]} Rd8 {[%clk 00:03:12]} {[%emt 00:00:45]} 18. Rfd1
{[%clk 00:02:48]} {[%emt 00:00:10]} a6 {[%clk 00:02:59]} {[%emt 00:00:18]} 19.
e5 {[%clk 00:02:12]} {[%emt 00:00:41]} Qe6 {[%clk 00:02:43]} {[%emt 00:00:21]}
20. Rxd8+ {[%clk 00:02:05]} {[%emt 00:00:13]} Rxd8 {[%clk 00:02:38]} {[%emt
00:00:09]} 21. Rxd8+ {[%clk 00:02:07]} {[%emt 00:00:04]} Ka7 {[%clk 00:02:42]}
{[%emt 00:00:01]} 22. Qxe6 {[%clk 00:01:58]} {[%emt 00:00:14]} fxe6 {[%clk
00:02:44]} {[%emt 00:00:02]} 23. Rd7 {[%clk 00:02:01]} {[%emt 00:00:03]} Kb6
{[%clk 00:02:47]} {[%emt 00:00:02]} 24. Rxh7 {[%clk 00:02:04]} {[%emt
00:00:02]} Kc5 {[%clk 00:02:51]} {[%emt 00:00:02]} 25. Rxc7+ {[%clk 00:02:04]}
{[%emt 00:00:05]} Kd4 {[%clk 00:02:54]} {[%emt 00:00:01]} 26. Rxb7 {[%clk
00:01:59]} {[%emt 00:00:10]} Kxe5 {[%clk 00:02:55]} {[%emt 00:00:02]} 27. Ra7
{[%clk 00:01:51]} {[%emt 00:00:14]} Kf4 {[%clk 00:02:52]} {[%emt 00:00:08]} 28.
Rxa6 {[%clk 00:01:52]} {[%emt 00:00:05]} Kf5 {[%clk 00:02:51]} {[%emt
00:00:07]} 29. Ra5+ {[%clk 00:01:39]} {[%emt 00:00:18]} e5 {[%clk 00:02:53]}
{[%emt 00:00:02]} 30. g3 {[%clk 00:01:42]} {[%emt 00:00:03]} g5 {[%clk
00:02:51]} {[%emt 00:00:08]} 31. h3 {[%clk 00:01:24]} {[%emt 00:00:22]} g4
{[%clk 00:02:22]} {[%emt 00:00:34]} 32. hxg4+ {[%clk 00:01:27]} {[%emt
00:00:02]} Kxg4 {[%clk 00:02:24]} {[%emt 00:00:02]} 33. Kg2 {[%clk 00:01:30]}
{[%emt 00:00:03]} e4 {[%clk 00:02:26]} {[%emt 00:00:04]} 34. Ra4 {[%clk
00:01:21]} {[%emt 00:00:14]} Kf5 {[%clk 00:02:23]} {[%emt 00:00:08]} 35. Rxe4
{[%clk 00:01:22]} {[%emt 00:00:04]} Kf6 {[%clk 00:02:26]} {[%emt 00:00:02]} 36.
Kf3 {[%clk 00:01:22]} {[%emt 00:00:06]} Kf5 {[%clk 00:02:28]} {[%emt 00:00:03]}
37. Ra4 {[%clk 00:01:13]} {[%emt 00:00:13]} Ke5 {[%clk 00:02:24]} {[%emt
00:00:09]} 38. a3 {[%clk 00:01:04]} {[%emt 00:00:14]} Kf6 {[%clk 00:02:24]}
{[%emt 00:00:05]} 39. Ra5 {[%clk 00:01:07]} {[%emt 00:00:02]} Ke6 {[%clk
00:02:23]} {[%emt 00:00:05]} 40. Ke4 {[%clk 00:01:09]} {[%emt 00:00:03]} Kd6
{[%clk 00:02:27]} {[%emt 00:00:02]} 41. b4 {[%clk 00:01:07]} {[%emt 00:00:07]}
Kc6 {[%clk 00:02:28]} {[%emt 00:00:03]} 42. Ra6+ {[%clk 00:01:08]} {[%emt
00:00:04]} Kb7 {[%clk 00:02:30]} {[%emt 00:00:03]} 43. b5 {[%clk 00:01:07]}
{[%emt 00:00:06]} Kc7 {[%clk 00:02:31]} {[%emt 00:00:04]} 44. Kd5 {[%clk
00:01:03]} {[%emt 00:00:09]} Kb7 {[%clk 00:02:34]} {[%emt 00:00:02]} 45. Kc5
{[%clk 00:00:52]} {[%emt 00:00:16]} Kb8 {[%clk 00:02:28]} {[%emt 00:00:12]} 46.
Rh6 {[%clk 00:00:55]} {[%emt 00:00:02]} Kb7 {[%clk 00:02:21]} {[%emt 00:00:12]}
47. Rh7+ {[%clk 00:00:58]} {[%emt 00:00:01]} Kc8 {[%clk 00:02:25]} {[%emt
00:00:01]} 48. Kd6 {[%clk 00:00:55]} {[%emt 00:00:08]} Kd8 {[%clk 00:02:28]}
{[%emt 00:00:02]} 49. Rh8# {[%clk 00:00:58]} {[%emt 00:00:01]} 1-0

[Event "Trofeo abierto Universidad de Jaen 2025"]
[Site "Maestra, 16 (Palacio de Cultura)"]
[Date "2025.04.05"]
[Round "1.4"]
[White "Rusillo Ramirez, Jose Maria"]
[Black "Plazas Sanchez, Ruben"]
[Result "0-1"]
[TimeControl "10' + 5\""]
[WhiteFideId "523090510"]
[BlackFideId "94772851"]
[WhiteElo "1239"]
[BlackElo "1961"]

1. e4 {[%clk 00:10:05]} {[%emt 01:12:04]} c5 {[%clk 00:10:08]} {[%emt
00:00:20]} 2. Nf3 {[%clk 00:10:12]} {[%emt 00:00:02]} Nc6 {[%clk 00:10:11]}
{[%emt 00:00:02]} 3. Bb5 {[%clk 00:10:15]} {[%emt 00:00:02]} g6 {[%clk
00:10:13]} {[%emt 00:00:03]} 4. O-O {[%clk 00:10:13]} {[%emt 00:00:06]} Bg7
{[%clk 00:10:16]} {[%emt 00:00:03]} 5. Re1 {[%clk 00:10:10]} {[%emt 00:00:07]}
d6 {[%clk 00:10:00]} {[%emt 00:00:22]} 6. Nc3 {[%clk 00:10:02]} {[%emt
00:00:13]} Bd7 {[%clk 00:09:28]} {[%emt 00:00:37]} 7. d3 {[%clk 00:09:41]}
{[%emt 00:00:25]} a6 {[%clk 00:09:12]} {[%emt 00:00:22]} 8. Bxc6 {[%clk
00:09:34]} {[%emt 00:00:11]} Bxc6 {[%clk 00:09:15]} {[%emt 00:00:02]} 9. Bf4
{[%clk 00:09:08]} {[%emt 00:00:31]} Nf6 {[%clk 00:08:38]} {[%emt 00:00:42]} 10.
e5 {[%clk 00:08:46]} {[%emt 00:00:28]} dxe5 {[%clk 00:07:40]} {[%emt 00:01:03]}
11. Nxe5 {[%clk 00:08:26]} {[%emt 00:00:24]} Rc8 {[%clk 00:07:44]} {[%emt
00:00:02]} 12. Nxc6 {[%clk 00:08:06]} {[%emt 00:00:26]} Rxc6 {[%clk 00:07:47]}
{[%emt 00:00:02]} 13. Qf3 {[%clk 00:06:52]} {[%emt 00:01:19]} O-O {[%clk
00:07:34]} {[%emt 00:00:18]} 14. Rad1 {[%clk 00:06:21]} {[%emt 00:00:36]} Re8
{[%clk 00:07:15]} {[%emt 00:00:24]} 15. Ne4 {[%clk 00:05:47]} {[%emt 00:00:38]}
Nh5 {[%clk 00:06:50]} {[%emt 00:00:29]} 16. g4 {[%clk 00:04:37]} {[%emt
00:01:16]} Nxf4 {[%clk 00:06:46]} {[%emt 00:00:10]} 17. Qxf4 {[%clk 00:04:37]}
{[%emt 00:00:05]} b5 {[%clk 00:05:40]} {[%emt 00:01:11]} 18. Ng5 {[%clk
00:04:29]} {[%emt 00:00:13]} Rf6 {[%clk 00:04:30]} {[%emt 00:01:15]} 19. Qg3
{[%clk 00:03:51]} {[%emt 00:00:43]} Qd6 {[%clk 00:04:27]} {[%emt 00:00:08]} 20.
Qh4 {[%clk 00:03:36]} {[%emt 00:00:19]} Qf4 {[%clk 00:04:19]} {[%emt 00:00:14]}
21. Qxh7+ {[%clk 00:03:12]} {[%emt 00:00:29]} Kf8 {[%clk 00:04:22]} {[%emt
00:00:02]} 22. h4 {[%clk 00:02:47]} {[%emt 00:00:30]} Qxf2+ {[%clk 00:04:17]}
{[%emt 00:00:10]} 23. Kh1 {[%clk 00:02:48]} {[%emt 00:00:04]} Qf4 {[%clk
00:03:39]} {[%emt 00:00:43]} 24. Re4 {[%clk 00:02:28]} {[%emt 00:00:26]} Qg3
{[%clk 00:03:28]} {[%emt 00:00:16]} 25. c4 {[%clk 00:01:25]} {[%emt 00:01:08]}
Rf2 {[%clk 00:03:31]} {[%emt 00:00:02]} 26. Nf3 {[%clk 00:01:10]} {[%emt
00:00:20]} Qxf3+ {[%clk 00:03:33]} {[%emt 00:00:03]} 27. Kg1 {[%clk 00:01:08]}
{[%emt 00:00:07]} Qg2# {[%emt 00:00:01]} 0-1

[Event "Trofeo abierto Universidad de Jaen 2025"]
[Site "Maestra, 16 (Palacio de Cultura)"]
[Date "2025.04.05"]
[Round "2.1"]
[White "Garcia Canas, Juan"]
[Black "Diaz Perez, Michel Alejandro"]
[Result "0-1"]
[TimeControl "10' + 5\""]
[WhiteFideId "32095651"]
[BlackFideId "3517179"]
[WhiteElo "1681"]
[BlackElo "2473"]

1. e4 {[%clk 00:10:00]} e5 {[%clk 00:10:06]} {[%emt 00:01:27]} 2. Nf3 {[%clk
00:10:01]} {[%emt 00:00:03]} Nc6 {[%clk 00:10:09]} {[%emt 00:00:03]} 3. Bb5
{[%clk 00:10:03]} {[%emt 00:00:03]} a6 {[%clk 00:10:12]} {[%emt 00:00:02]} 4.
Ba4 {[%clk 00:10:06]} {[%emt 00:00:02]} Nf6 {[%clk 00:10:14]} {[%emt 00:00:02]}
5. Nc3 {[%clk 00:10:08]} {[%emt 00:00:03]} b5 {[%clk 00:09:53]} {[%emt
00:00:27]} 6. Bb3 {[%clk 00:10:08]} {[%emt 00:00:05]} Bc5 {[%clk 00:09:39]}
{[%emt 00:00:19]} 7. O-O {[%clk 00:10:06]} {[%emt 00:00:06]} d6 {[%emt
00:00:16]} 8. d3 {[%clk 00:09:57]} {[%emt 00:00:01]} O-O {[%clk 00:09:32]}
{[%emt 00:00:14]} 9. Bg5 {[%clk 00:09:56]} {[%emt 00:00:06]} h6 {[%clk
00:09:27]} {[%emt 00:00:11]} 10. Bh4 {[%clk 00:09:55]} {[%emt 00:00:04]} Bg4
{[%clk 00:08:55]} {[%emt 00:00:38]} 11. Nd5 {[%clk 00:09:41]} {[%emt 00:00:19]}
g5 {[%clk 00:08:58]} {[%emt 00:00:02]} 12. Nxf6+ {[%clk 00:09:27]} {[%emt
00:00:19]} Qxf6 {[%clk 00:09:01]} {[%emt 00:00:03]} 13. Bg3 {[%clk 00:08:03]}
{[%emt 00:01:28]} Nd4 {[%clk 00:09:03]} {[%emt 00:00:03]} 14. Bd5 {[%clk
00:07:47]} {[%emt 00:00:20]} c6 {[%clk 00:08:57]} {[%emt 00:00:12]} 15. Bb3
{[%clk 00:07:02]} {[%emt 00:00:50]} Nxf3+ {[%clk 00:08:57]} {[%emt 00:00:05]}
16. gxf3 {[%clk 00:07:04]} {[%emt 00:00:03]} Bxf3 {[%clk 00:09:00]} {[%emt
00:00:02]} 17. Qd2 {[%clk 00:06:50]} {[%emt 00:00:18]} d5 {[%clk 00:08:53]}
{[%emt 00:00:13]} 18. c4 {[%clk 00:06:29]} {[%emt 00:00:26]} dxe4 {[%clk
00:08:38]} {[%emt 00:00:21]} 19. cxb5 {[%clk 00:06:22]} {[%emt 00:00:11]} cxb5
{[%clk 00:08:06]} {[%emt 00:00:38]} 20. dxe4 {[%clk 00:06:13]} {[%emt
00:00:14]} Rad8 {[%clk 00:08:05]} {[%emt 00:00:07]} 21. Bd5 {[%clk 00:06:03]}
{[%emt 00:00:14]} Bxe4 {[%clk 00:08:00]} {[%emt 00:00:10]} 22. Rfe1 {[%clk
00:04:58]} {[%emt 00:01:09]} Rxd5 {[%clk 00:07:34]} {[%emt 00:00:33]} 23. Qc3
{[%clk 00:04:48]} {[%emt 00:00:13]} Bd4 {[%clk 00:07:16]} {[%emt 00:00:24]} 24.
Qb3 {[%clk 00:04:28]} {[%emt 00:00:25]} Qf3 {[%clk 00:07:12]} {[%emt 00:00:08]}
25. Rxe4 {[%clk 00:04:24]} {[%emt 00:00:09]} Qxe4 {[%clk 00:07:16]} {[%emt
00:00:02]} 26. Kf1 {[%clk 00:04:01]} {[%emt 00:00:27]} Rc5 {[%clk 00:07:03]}
{[%emt 00:00:18]} 27. Re1 {[%clk 00:03:55]} {[%emt 00:00:08]} Qh1+ {[%clk
00:06:51]} {[%emt 00:00:20]} 28. Ke2 {[%clk 00:03:49]} {[%emt 00:00:11]} Qd5
{[%clk 00:06:54]} {[%emt 00:00:02]} 29. Qa3 {[%clk 00:03:01]} {[%emt 00:00:54]}
Rc2+ {[%clk 00:06:52]} {[%emt 00:00:07]} 0-1

[Event "Trofeo abierto Universidad de Jaen 2025"]
[Site "Maestra, 16 (Palacio de Cultura)"]
[Date "2025.04.05"]
[Round "2.2"]
[White "Gutierrez Espinosa, Karen"]
[Black "Samaniego Macias, Jhonny Alejandro"]
[Result "1-0"]
[TimeControl "10' + 5\""]
[WhiteFideId "3513238"]
[BlackFideId "54701066"]
[WhiteElo "2033"]
[BlackElo "1651"]

1. e4 {[%clk 00:09:58]} {[%emt 00:00:02]} c5 {[%clk 00:10:01]} {[%emt
00:00:10]} 2. Nf3 {[%clk 00:10:01]} {[%emt 00:00:02]} Nc6 {[%clk 00:10:04]}
{[%emt 00:00:02]} 3. d4 {[%clk 00:10:04]} {[%emt 00:00:02]} cxd4 {[%clk
00:10:07]} {[%emt 00:00:03]} 4. Nxd4 {[%clk 00:10:07]} {[%emt 00:00:01]} g6
{[%clk 00:10:10]} {[%emt 00:00:02]} 5. Nc3 {[%clk 00:10:08]} {[%emt 00:00:05]}
Bg7 {[%clk 00:10:13]} {[%emt 00:00:02]} 6. Be3 {[%clk 00:10:09]} {[%emt
00:00:04]} d6 {[%clk 00:10:16]} {[%emt 00:00:02]} 7. Bc4 {[%clk 00:10:05]}
{[%emt 00:00:09]} Nf6 {[%clk 00:10:19]} {[%emt 00:00:02]} 8. f3 {[%clk
00:09:56]} {[%emt 00:00:14]} O-O {[%clk 00:10:15]} {[%emt 00:00:10]} 9. Qd2
{[%clk 00:09:54]} {[%emt 00:00:07]} a6 {[%clk 00:09:34]} {[%emt 00:00:45]} 10.
Bb3 {[%clk 00:09:56]} {[%emt 00:00:02]} Na5 {[%clk 00:08:16]} {[%emt 00:01:22]}
11. g4 {[%clk 00:09:49]} {[%emt 00:00:13]} b5 {[%clk 00:08:04]} {[%emt
00:00:16]} 12. h4 {[%clk 00:09:41]} {[%emt 00:00:13]} Nc4 {[%clk 00:07:20]}
{[%emt 00:00:50]} 13. Bxc4 {[%clk 00:09:36]} {[%emt 00:00:10]} bxc4 {[%clk
00:07:23]} {[%emt 00:00:02]} 14. h5 {[%clk 00:08:53]} {[%emt 00:00:48]} Bxg4
{[%clk 00:05:52]} {[%emt 00:01:36]} 15. fxg4 {[%clk 00:08:13]} {[%emt
00:00:45]} Nxg4 {[%clk 00:05:54]} {[%emt 00:00:02]} 16. hxg6 {[%clk 00:08:04]}
{[%emt 00:00:14]} fxg6 {[%clk 00:05:33]} {[%emt 00:00:26]} 17. Ne6 {[%clk
00:07:27]} {[%emt 00:00:43]} Qa5 {[%clk 00:05:20]} {[%emt 00:00:19]} 18. Nxg7
{[%clk 00:06:34]} {[%emt 00:00:58]} Kxg7 {[%clk 00:04:08]} {[%emt 00:01:16]} 19.
Bh6+ {[%clk 00:06:16]} {[%emt 00:00:23]} Kh8 {[%clk 00:03:26]} {[%emt
00:00:47]} 20. Bxf8 {[%clk 00:05:52]} {[%emt 00:00:30]} Rxf8 {[%clk 00:03:29]}
{[%emt 00:00:02]} 21. O-O-O {[%clk 00:05:43]} {[%emt 00:00:13]} Rf2 {[%clk
00:03:13]} {[%emt 00:00:21]} 22. Qd4+ {[%clk 00:05:33]} {[%emt 00:00:16]} e5
{[%clk 00:03:02]} {[%emt 00:00:15]} 23. Qxd6 {[%clk 00:05:28]} {[%emt
00:00:11]} Ne3 {[%clk 00:02:56]} {[%emt 00:00:10]} 24. Qb8+ {[%clk 00:04:36]}
{[%emt 00:00:57]} Kg7 {[%clk 00:02:53]} {[%emt 00:00:08]} 25. Qa7+ {[%clk
00:04:38]} {[%emt 00:00:03]} 1-0

[Event "Trofeo abierto Universidad de Jaen 2025"]
[Site "Maestra, 16 (Palacio de Cultura)"]
[Date "2025.04.05"]
[Round "2.3"]
[White "Alonso Martos, Ruben"]
[Black "Cano Padilla, Ruben Jesus"]
[Result "0-1"]
[TimeControl "10' + 5\""]
[WhiteFideId "54701074"]
[BlackFideId "2253526"]
[WhiteElo "1676"]
[BlackElo "1974"]

1. c4 {[%clk 00:10:07]} {[%emt 00:00:02]} Nf6 {[%clk 00:10:09]} {[%emt
00:00:02]} 2. Nc3 {[%clk 00:10:10]} {[%emt 00:00:02]} d5 {[%clk 00:10:12]}
{[%emt 00:00:01]} 3. cxd5 {[%clk 00:10:13]} {[%emt 00:00:02]} Nxd5 {[%clk
00:10:15]} {[%emt 00:00:02]} 4. g3 {[%clk 00:10:17]} {[%emt 00:00:01]} g6
{[%clk 00:10:15]} {[%emt 00:00:05]} 5. Bg2 {[%clk 00:10:20]} {[%emt 00:00:01]}
Nxc3 {[%clk 00:10:18]} {[%emt 00:00:03]} 6. bxc3 {[%clk 00:10:16]} {[%emt
00:00:09]} Bg7 {[%clk 00:10:21]} {[%emt 00:00:02]} 7. Nf3 {[%clk 00:10:18]}
{[%emt 00:00:02]} O-O {[%clk 00:10:23]} {[%emt 00:00:04]} 8. O-O {[%clk
00:10:20]} {[%emt 00:00:03]} c5 {[%clk 00:10:27]} {[%emt 00:00:02]} 9. d4
{[%clk 00:08:53]} {[%emt 00:01:30]} Nc6 {[%clk 00:10:30]} {[%emt 00:00:03]} 10.
e3 {[%clk 00:08:51]} {[%emt 00:00:07]} Qc7 {[%clk 00:09:30]} {[%emt 00:01:05]}
11. Ba3 {[%clk 00:08:28]} {[%emt 00:00:28]} b6 {[%clk 00:07:27]} {[%emt
00:02:08]} 12. Qc2 {[%clk 00:07:00]} {[%emt 00:01:32]} Ba6 {[%emt 00:02:05]} 13.
Rfd1 {[%clk 00:04:55]} {[%emt 00:01:30]} Na5 {[%clk 00:05:48]} {[%emt
00:01:15]} 14. Nd2 {[%clk 00:03:15]} Rac8 {[%emt 00:01:28]} 15. Qc1 {[%emt
00:00:10]} Bb7 {[%clk 00:05:19]} {[%emt 00:00:02]} 16. Rb1 {[%clk 00:02:37]}
{[%emt 00:00:43]} Bxg2 {[%clk 00:05:14]} {[%emt 00:00:11]} 17. Kxg2 {[%clk
00:02:40]} Qb7+ {[%clk 00:04:59]} {[%emt 00:00:20]} 18. f3 {[%clk 00:02:30]}
{[%emt 00:00:15]} cxd4 {[%clk 00:04:57]} {[%emt 00:00:07]} 19. exd4 {[%clk
00:02:31]} {[%emt 00:00:03]} Bxd4 {[%clk 00:04:42]} {[%emt 00:00:21]} 20. Bb4
{[%clk 00:02:26]} {[%emt 00:00:10]} 0-1

[Event "Trofeo abierto Universidad de Jaen 2025"]
[Site "Maestra, 16 (Palacio de Cultura)"]
[Date "2025.04.05"]
[Round "2.4"]
[White "Plazas Sanchez, Ruben"]
[Black "Aguirre Molina, Daniel"]
[Result "1-0"]
[TimeControl "10' + 5\""]
[WhiteFideId "94772851"]
[BlackFideId "32095864"]
[WhiteElo "1961"]
[BlackElo "1637"]

1. d4 {[%clk 00:10:06]} {[%emt 00:00:03]} d5 {[%clk 00:10:09]} {[%emt
00:00:02]} 2. c4 {[%clk 00:10:09]} {[%emt 00:00:02]} Nf6 {[%emt 00:00:06]} 3.
Nc3 {[%clk 00:10:11]} {[%emt 00:00:01]} e6 {[%clk 00:10:09]} {[%emt 00:00:06]}
4. e3 {[%clk 00:10:13]} {[%emt 00:00:02]} a6 {[%clk 00:09:52]} {[%emt
00:00:23]} 5. Nf3 {[%clk 00:10:14]} {[%emt 00:00:03]} Bb4 {[%clk 00:09:51]}
{[%emt 00:00:07]} 6. Bd3 {[%clk 00:10:06]} {[%emt 00:00:13]} dxc4 {[%clk
00:09:47]} {[%emt 00:00:10]} 7. Bxc4 {[%clk 00:10:09]} {[%emt 00:00:02]} Ne4
{[%clk 00:09:43]} {[%emt 00:00:09]} 8. Qc2 {[%clk 00:10:11]} {[%emt 00:00:02]}
Nxc3 {[%clk 00:09:33]} {[%emt 00:00:15]} 9. bxc3 {[%clk 00:10:14]} {[%emt
00:00:02]} Bd6 {[%clk 00:09:20]} {[%emt 00:00:18]} 10. Bd3 {[%clk 00:10:15]}
{[%emt 00:00:02]} O-O {[%clk 00:09:20]} {[%emt 00:00:06]} 11. Bxh7+ {[%clk
00:10:17]} {[%emt 00:00:03]} Kh8 {[%clk 00:09:24]} {[%emt 00:00:01]} 12. Bd3
{[%clk 00:09:32]} {[%emt 00:00:50]} Nd7 {[%clk 00:09:23]} {[%emt 00:00:06]} 13.
e4 {[%clk 00:09:14]} {[%emt 00:00:23]} Nb6 {[%clk 00:09:20]} {[%emt 00:00:08]}
14. e5 {[%clk 00:09:10]} {[%emt 00:00:08]} Be7 {[%clk 00:09:23]} {[%emt
00:00:03]} 15. h4 {[%clk 00:09:13]} {[%emt 00:00:02]} g6 {[%clk 00:09:20]}
{[%emt 00:00:08]} 16. Bg5 {[%clk 00:08:18]} {[%emt 00:00:59]} Kg7 {[%clk
00:09:11]} {[%emt 00:00:14]} 17. Qd2 {[%clk 00:07:16]} {[%emt 00:01:07]} Rh8
{[%clk 00:09:01]} {[%emt 00:00:15]} 18. g4 {[%clk 00:06:31]} {[%emt 00:00:51]}
Nd5 {[%clk 00:08:45]} {[%emt 00:00:21]} 19. h5 {[%clk 00:06:11]} {[%emt
00:00:25]} gxh5 {[%clk 00:07:44]} {[%emt 00:01:06]} 20. gxh5 {[%clk 00:05:52]}
{[%emt 00:00:23]} f5 {[%clk 00:07:26]} {[%emt 00:00:24]} 21. exf6+ {[%clk
00:05:47]} {[%emt 00:00:10]} Bxf6 {[%clk 00:07:09]} {[%emt 00:00:22]} 22. h6+
{[%clk 00:05:41]} {[%emt 00:00:11]} Kg8 {[%clk 00:06:58]} {[%emt 00:00:16]} 23.
h7+ {[%clk 00:05:35]} {[%emt 00:00:11]} Kf7 {[%clk 00:06:44]} {[%emt 00:00:19]}
24. Ne5+ {[%clk 00:04:55]} {[%emt 00:00:45]} Ke8 {[%clk 00:06:18]} {[%emt
00:00:31]} 25. Bg6+ {[%clk 00:04:28]} {[%emt 00:00:32]} Kf8 {[%clk 00:06:21]}
{[%emt 00:00:02]} 26. Bh6+ {[%clk 00:04:05]} {[%emt 00:00:28]} Bg7 {[%clk
00:06:20]} {[%emt 00:00:07]} 27. Bxg7+ {[%clk 00:03:50]} {[%emt 00:00:20]} Kxg7
{[%clk 00:06:23]} {[%emt 00:00:02]} 28. Qh6+ {[%clk 00:03:53]} {[%emt
00:00:01]} Kf6 {[%clk 00:06:21]} {[%emt 00:00:07]} 29. Rh3 {[%clk 00:03:22]}
{[%emt 00:00:35]} Ke7 {[%clk 00:06:15]} {[%emt 00:00:12]} 30. Nf7 {[%clk
00:02:34]} {[%emt 00:00:53]} Qe8 {[%clk 00:05:19]} {[%emt 00:01:02]} 31. Nxh8
{[%clk 00:01:57]} {[%emt 00:00:42]} Qxh8 {[%clk 00:05:22]} {[%emt 00:00:02]} 32.
Rf3 {[%clk 00:02:01]} {[%emt 00:00:01]} Nf6 {[%clk 00:05:17]} {[%emt 00:00:10]}
33. O-O-O {[%clk 00:01:42]} {[%emt 00:00:24]} Bd7 {[%clk 00:05:20]} {[%emt
00:00:02]} 34. d5 {[%clk 00:01:41]} {[%emt 00:00:05]} Rf8 {[%clk 00:05:10]}
{[%emt 00:00:15]} 35. Qg5 {[%clk 00:01:34]} {[%emt 00:00:12]} Qg7 {[%clk
00:04:36]} {[%emt 00:00:39]} 36. dxe6 {[%clk 00:01:30]} {[%emt 00:00:09]} Bxe6
{[%clk 00:04:30]} {[%emt 00:00:11]} 37. Qc5# {[%emt 00:00:33]} 1-0